01615nam a2200361Ia 4500001000700000003000500007005001700012008004100029010001100070040000900081090001900090100004400109245014200153260004300295300001000338502017900348650001600527650002600543650003000569700005100599700004300650700004800693856005300741901001900794902000600813910000900819942001100828942001100839999001900850952012600869952012600995952013201121Z_6260CHAP20231109192207.0220113s2011 xx 000 0 und d a169515 cCHAP aTesis R36 2218 aRamírez Hernández, Emmanuel9144358 aIncidencia de varroasis en el laboratorio de identificación y diagnóstico apícola de 2002 a 2006 /cEmmanuel Ramírez Hernández aChapingo, México :bEl autor,c2011 a53 h. aTesis (Ingeniero Agrónomo Especialista en Zootecnia) -- UACh, 2011 \ Dirección: Agustín Ruíz Flores ; asesoría: Ema Maldonado Simán y Eduardo Carbajal Castrejón aAbejas9182 aInfestación9144359 aVarroa destructor9118167 a Carbajal Castrejón, Eduardo, asesor9144360 a Maldonado Siman, Ema, asesor 9144361 aRuíz Flores, Agustín, director 914436242uhttp://10.13.5.2/tesis/112704.pdfyDescargar PDF aTESIS R36 2218 aM a2011 c22ddc c22ddc c169515d169515 00102local40718TESISaZbZd2012-07-09eEl autorl0oTesis R36 2218pz_T 3886r2022-01-18 00:00:00t1w2022-01-18yCD 00102local40718TESISaZbZd2012-07-09eEl autorl0oTesis R36 2218pz_T 3887r2022-01-18 00:00:00t2w2022-01-18yCD 00102local4055708TESISaZbZd2012-07-09eEl autorl0oTesis R36 2218pz_T 3888r2022-01-18 00:00:00t3w2022-01-18yTESIS